000 00497nam a22001577a 4500
999 _c18393
_d18393
008 200730b xxu||||| |||| 00| 0 eng d
020 _a1597499958
050 _aQA76.9
_b.B76 2013 c.1
100 _aBroad, James
245 _aRisk Management Framework
_bA lab-based approach to securing information systems
_cJames Broad
260 _aAmsterdam
_bSyngress
_c2013
300 _axv, 298p.
650 _aInformation Technology
_vSecurity measures
650 _aComputer security
942 _2lcc
_cBK